Word Ladder: Shades of Green Quiz Stats

Quiz Updated Jun 26, 2015

Challenge
Share
Tweet
Embed
Score 0/43 Timer 04:00
0 Plays Today
Hint 4-Letter Word % Correct
Green fruit similar to a lemon• LIME •
97.9%
Belonging to meMINE
97.7%
Hair surrounding a lion's headMANE
97.6%
Farmhouse buildingBARN
97.5%
Johnny Cash biopic: Walk the ____LINE
97.2%
Ten cent coinDIME
96.9%
Eat dinnerDINE
96.4%
Type of tree often used for Christmas trees• PINE •
96.3%
Mixture of red and whitePINK
96.3%
Superman love interest: Lois ____LANE
96.2%
Exposed, not clothed or coveredBARE
96.1%
____, present and futurePAST
95.8%
Created somethingMADE
95.5%
Charlotte Brontë novel: ____ EyreJANE
95.4%
Disabled so that walking is difficult, if not impossibleLAME
95%
Sunrise, beginning of the dayDAWN
94.8%
Section of grass, usually mowed, attached to a house • LAWN •
94.8%
Green gemstone• JADE •
94.6%
If something is pristine it is in ____ condition• MINT •
94%
Rules by which society lives by and must obeyLAWS
93.6%
ApplauseCLAP
93.4%
The sound an owl makesHOOT
92.9%
Hint 4-Letter Word % Correct
MailPOST
92.8%
The Dark Knight Rises villainBANE
92.6%
Tiny fibers that separate from cloth surfacesLINT
92.3%
An enclosure for chickensCOOP
91.7%
Sound of a horse's hoofCLOP
91.1%
Final, endLAST
90.9%
A girl or young womanLASS
90.7%
Limbs attached to your shouldersARMS
90.5%
What a parasite lives inHOST
90.3%
Capital of SwitzerlandBERN
90.3%
Circle, ringHOOP
88.4%
A group united by kinship or common ancestorsCLAN
87.6%
Barry Humphries character: ____ EdnaDAME
86.4%
Exclamation of anger or frustration with religious roots DAMN
86.3%
Fighting force based primarily on land• ARMY •
84.8%
Protagonist of The Legend of Zelda seriesLINK
83.8%
Slim, slender, thinLANK
82.7%
Food and money given to the poorALMS
79.3%
Hamlet quote: '____ poor, Yorick!'ALAS
74.2%
Steve Coogan character: ____ PartridgeALAN
73.1%
Charlotte's Web heroine: ____ Arable• FERN •
55.9%

Today's Daily Dose

You're not logged in!

Compare scores with friends on all Sporcle quizzes.
Join for Free
OR
Log In

You Might Also Like...

Show Comments

Extras

Top Quizzes Today


Score Distribution

Your Account Isn't Verified!

In order to create a playlist on Sporcle, you need to verify the email address you used during registration. Go to your Sporcle Settings to finish the process.

Report this User

Report this user for behavior that violates our Community Guidelines.

Details: